[Event "ESP-ch Rapid 2018"]
[Site "Linares"]
[Date "2018.08.19"]
[Round "4"]
[White "Cuevas Fernandez, Jose Alberto"]
[Black "Galiana Fernandez, Adrian"]
[Result "1-0"]
[WhiteElo "2147"]
[BlackElo "2291"]
[Annotator "TA"]
[PlyCount "108"]
[EventDate "2018.08.19"]
[EventType "team-tourn"]
[EventCountry "ESP"]
[SourceTitle "playchess.com"]
[Source "ChessBase"]
[SourceQuality "1"]

{[%evp 14,108,0,0,25,-10,86,8,11,-64,-72,-70,-66,-60,-34,-37,-50,-70,-44,-41,-56,-72,-76,-94,-100,-102,-108,-96,-12,-21,-19,-13,-13,-13,-14,-13,-12,-16,-8,-74,-37,-64,-53,-54,-25,-25,-25,-33,-34,-48,0,0,0,0,0,0,0,0,0,0,0,0,0,0,0,0,0,0,0,0,0,0,0,0,0,0,0,0,0,0,0,0,0,-12,0,0,0,0,0,0,29983,29984,29984,29985,29985,0,0]} 1. d4 Nf6 2. c4 g6 3. Nc3 d5 4. Bg5 Bg7 5. Nf3 Ne4 6. Bh4 c5 {D91: Grünfeld: 4 Nf3 Bg7 5 Bg5} 7. e3 cxd4 8. exd4 {LiveBook: 14 Games} Qa5 (8... Nxc3 9. bxc3 O-O 10. cxd5 Qxd5 11. Be2 Nc6 12. O-O e5 13. c4 Qe4 14. Bd3 Qg4 15. h3 Qh5 {½-½ (25) Van Wely,L (2667)-Ragger,M (2672) Brest 2018}) 9. cxd5 Bg4 (9... Nxc3 $11 10. Qd2 Qxd5 11. bxc3 O-O) 10. Qd3 $146 ({White should try} 10. Qe2 $16 Nf6 11. d6) ({Predecessor:} 10. Qb3 Nd7 11. Bb5 Nd6 12. Bxd7+ Bxd7 13. O-O b5 14. Rfe1 Nf5 15. Bxe7 Nxe7 16. d6 O-O 17. dxe7 Rfe8 18. Ng5 Be6 19. Rxe6 b4 20. Nxf7 bxc3 21. Ra6 {1-0 (21) Hartung Nielsen,J (2280)-Voigt,M (2240) Lyngby 1991}) 10... Nxc3 $11 11. Qxc3 (11. bxc3 $11 O-O 12. Be2 (12. Bxe7 Re8 $17)) 11... Qxd5 $15 12. Be2 Nc6 13. O-O Rc8 {[%cal Rc6d4]} ({Much weaker is} 13... Nxd4 $6 14. Nxd4 Bxd4 15. Qc7 $14 (15. Qb4 Qe4 $14)) 14. Qa3 O-O 15. Rfd1 e6 16. h3 Bf5 {[%cal Rc6d4]} 17. Bg3 Rfd8 {[%cal Rc6d4]} ({Of course not} 17... Bxd4 $6 18. Rac1 $14) ({Don't play} 17... Nxd4 18. Nxd4 Bxd4 19. Bf3 $11) 18. Rac1 Nxd4 19. Nxd4 {[#] Black must now prevent Rxc8.} Rxc1 20. Rxc1 Qxd4 (20... Bxd4 $17 21. b3 Be4) 21. Rd1 $11 Qb6 {next ...Rxd1+ is good for Black.} 22. Rxd8+ Qxd8 23. Qxa7 Be4 24. Bf3 Bd4 25. Qa3 Bxf3 26. gxf3 (26. Qxf3 $11 b6 27. b3) 26... Qd5 (26... h5 {feels hotter.} 27. Qb4 Qd5 28. a4 e5 29. Kg2 e4) 27. b4 Kg7 28. Kg2 Bf6 29. Bf4 h5 30. Be3 g5 31. Bc5 g4 32. hxg4 hxg4 33. Qe3 b5 34. Qf4 gxf3+ 35. Qxf3 Kg6 (35... Qc4 {keeps more tension.} 36. Kg1 Qc2 37. Kg2 Be5 38. Kg1 Kg6) 36. Qxd5 exd5 {[%mdl 4096] Endgame KB-KB} 37. Kf3 Kf5 38. Ke3 Be5 39. Bd4 Bd6 40. Bc5 Be5 41. Bd4 Bf4+ 42. Kd3 Kg4 43. Be3 Be5 44. Bd4 f6 45. Ke3 Kf5 46. f3 {[%cal Bf2f3,Bf3f4][%mdl 32]} Ke6 47. f4 Bd6 {Threatens to win with ...Kf5.} 48. Bc5 Bxc5+ 49. bxc5 {K3P-K3P} Kd7 50. Kd3 $1 Kc7 $1 51. Kc3 f5 $2 {[%mdl 8192] [#]} (51... Kd7 $11) 52. Kd4 Kc6 53. a3 Kc7 54. Kc3 $2 (54. Kxd5 {mates} Kb7 55. c6+ Ka6 56. Kd6 b4 57. axb4 Kb5 58. c7 Kc4 59. c8=Q+ Kd3 60. b5) 54... Kc6 {[%mdl 32768] Precision: White = 58%, Black = 50%. . Sensor Board Error (Ke4/e5)?} (54... Kd7 $5) 1-0

[Event "ESP-ch Rapid 2018"]
[Site "Linares"]
[Date "2018.08.19"]
[Round "4"]
[White "Iglesias Leon, Francisco J"]
[Black "Campos Gambuti, Luis Maria"]
[Result "0-1"]
[WhiteElo "2129"]
[BlackElo "2382"]
[Annotator "TA"]
[PlyCount "98"]
[EventDate "2018.08.19"]
[EventType "team-tourn"]
[EventCountry "ESP"]
[SourceTitle "playchess.com"]
[Source "ChessBase"]
[SourceQuality "1"]

{[%evp 9,98,5,6,-28,-28,-57,-25,-37,-27,-25,0,0,0,-6,0,-2,-1,-13,23,16,20,-2,0,-6,5,-2,17,-6,0,0,0,0,0,-9,-10,-7,0,-14,0,0,0,0,0,0,0,0,0,0,0,0,0,0,-6,-16,-7,-186,-183,-175,-167,-174,-171,-258,-119,-129,-129,-117,-37,-43,-43,-20,-21,-29,-40,-56,-15,-15,-15,-269,-103,-100,-113,-1148,-118,-1897,-69,-29977,-54,-29978,-29979,-29980,-29981]} 1. Nf3 d5 2. b3 Bg4 3. Bb2 Nd7 4. d3 (4. g3 e5 5. h3 Bxf3 6. exf3 Ngf6 7. Bg2 Bc5 8. O-O O-O 9. c3 Re8 10. d4 exd4 11. cxd4 Bb6 12. Nd2 {½-½ (25) Malakhov,V (2691)-Motylev,A (2660) Sochi 2018}) 4... Bxf3 5. exf3 e5 {LiveBook: 4 Games} 6. f4 {A06: Réti Opening:1 Nf3 d5} exf4 7. Qg4 $146 ({Predecessor:} 7. Qf3 Bb4+ 8. Nd2 Qe7+ 9. Be2 Ngf6 10. Qxf4 O-O 11. O-O-O Bd6 {0-1 (42) Kostanjsek,Z (2177)-Kierzek,M (2250) Opatija 2013}) 7... Ngf6 8. Qxf4 {Black has an edge.} Bd6 9. Qe3+ Qe7 (9... Be7 {looks sharper.} 10. Be2 O-O 11. O-O Re8 12. Qd2 c6) 10. Qxe7+ Kxe7 11. Be2 Rhe8 12. O-O Kf8 13. Bf3 Be5 14. d4 Bd6 15. Nc3 c6 16. Rfe1 a5 17. Kf1 h5 ({Avoid the trap} 17... Bxh2 $2 18. g3 $16) (17... Re6 {with more complications.} 18. g3 Kg8 19. a4 Rae8 20. Bg2 Nf8) 18. h3 g6 19. Rxe8+ Nxe8 20. a4 f5 21. g4 hxg4 22. hxg4 Ng7 23. Ne2 Nf6 24. gxf5 $1 Nxf5 25. c4 Kf7 26. Rd1 Rh8 27. Bc1 Rh3 28. Ng1 Rh4 29. Ne2 Ne4 30. cxd5 cxd5 {[%cal Bc6d5,Bd5e4,Be4e3][%mdl 32]} 31. Kg1 Ke6 32. Bb2 $2 (32. Bg2 $11) 32... Rh3 $1 $19 {[%cal Rh3f3]} 33. Bxe4 dxe4 34. Nc3 e3 $1 {[%cal Re3f2]} 35. Re1 (35. Ba1 {is a better defense.}) 35... Kd7 (35... Nxd4 $19 36. Rxe3+ Rxe3 37. fxe3 Nxb3) 36. fxe3 $17 Nxe3 37. Ne4 Nd5 ({Black should play} 37... Bb4 $17 38. Rc1 Nd5 39. Nc5+ Kc6) 38. Nxd6 $15 Kxd6 {[%mdl 4096] Endgame KRB-KRN} 39. Ba3+ Nb4 40. Bxb4+ axb4 $11 {KR-KR} 41. Re5 $1 Rxb3 {White must now prevent ...Rd3.} (41... Rh5 $5 {[%cal Rh5e5]} 42. Re3 Rg5+ 43. Kf2 Kd5 $17) 42. Rb5 Rb2 43. Kh1 $2 {[%mdl 8192] [#]} (43. a5 $11 {and White stays safe.}) 43... b3 $2 (43... b6 $1 $19 {[%mdl 512] Hoping for ...Kc7.} 44. Kg1 (44. Rxb6+ Kd5) 44... g5 $1 {[%mdl 512]} 45. Rxg5 Ra2) 44. Kg1 {[#]} g5 $1 {[%mdl 512] And now ...b6! would win.} 45. Kh1 $2 {[%mdl 8192] [#]} (45. Kf1 $17) (45. Rxg5 Ra2) 45... g4 $2 (45... b6 $1 $19 {[%mdl 512] has better winning chances. Strongly threatening ...Kc7.} 46. Rxb6+ Kd5) 46. Kg1 $2 {[%mdl 8192] [#]} (46. a5 $17) 46... g3 $2 (46... b6 $1 $19 {[%mdl 512] aiming for ...Kc7.} 47. Rxb6+ Kd5) 47. Kh1 $2 {[%mdl 8192]} (47. a5 $15) 47... Rh2+ 48. Kg1 b2 49. a5 Rc2 {Precision: White = 41%, Black = 30%.} 0-1

[Event "ESP-ch Rapid 2018"]
[Site "Linares"]
[Date "2018.08.19"]
[Round "4"]
[White "Fernandez Torre, Ivan"]
[Black "Sande Edreira, Jose Antonio"]
[Result "0-1"]
[WhiteElo "2128"]
[BlackElo "2230"]
[Annotator "TA"]
[PlyCount "92"]
[EventDate "2018.08.19"]
[EventType "team-tourn"]
[EventCountry "ESP"]
[SourceTitle "playchess.com"]
[Source "ChessBase"]
[SourceQuality "1"]

{[%evp 18,92,39,39,71,36,39,30,38,32,63,29,79,18,26,-33,-20,-20,-14,-30,-31,-25,0,-37,0,0,0,0,0,-16,0,-27,-22,-21,-25,-21,0,0,0,5,120,-236,-200,-282,-276,-277,-155,-168,-168,-156,-129,-175,0,0,0,-160,-160,-152,0,-342,-355,-547,-447,-587,-585,-564,-545,-541,-499,-437,-413,-733,-722,-29976,-29980,-29985,-29986]} 1. d4 Nf6 2. c4 g6 3. Nc3 Bg7 4. e4 d6 5. h3 O-O 6. Be3 Na6 7. Nf3 e5 8. d5 Nc5 9. Qc2 a5 10. Be2 {LiveBook: 18 Games} c6 {E93: King's Indian: Classical: Petrosian System with 7...Nbd7} (10... Nh5 11. g3 f5 12. Bxc5 dxc5 13. Nd2 Nf6 14. Bd3 Ne8 15. O-O-O f4 16. g4 f3 17. Rdg1 Bh6 18. Kb1 {½-½ (48) Eingorn,V (2525)-Kozul,Z (2614) Bad Wiessee 2015}) 11. Nd2 Bd7 12. a3 $146 ({Predecessor:} 12. O-O Ne8 13. Rfd1 f5 14. dxc6 Bxc6 15. Bxc5 dxc5 16. Bf3 Qe7 17. Nd5 Qf7 18. Nb3 Bxd5 19. cxd5 {1-0 (46) Schleining,Z (2353)-Wenner,T (2135) Bad Wiessee 2014}) 12... cxd5 {And now ...d4 would win.White has an edge.} 13. cxd5 a4 14. O-O (14. Bxc5 $5 dxc5 15. O-O $14) 14... Qb8 15. Bb5 (15. Bxc5 $16 dxc5 16. Bb5) 15... Rc8 $11 16. Bxc5 (16. Qb1 $11) 16... Rxc5 17. Bxd7 Nxd7 18. b4 axb3 19. Nxb3 Rc8 20. Qd2 Bf6 21. Nb5 Nc5 22. Nxc5 Rxc5 23. a4 Bd8 {[%cal Bf6d8,Bd8b6,Bb6c5][%mdl 32]} 24. Rfc1 {White wants to play Rxc5.} Bb6 25. Rxc5 Bxc5 26. Qg5 Kg7 27. Qe7 Qd8 28. Qxb7 {Nc7 is the strong threat.} Qa5 (28... Kg8 $11 {keeps the balance.}) 29. Nc7 $2 {[%mdl 8192]} (29. Qe7 $1 $16 {stays on course.}) 29... Ra7 $1 $19 {[%cal Ra7b7]} 30. Ne6+ (30. Ne8+ $142 Kf8 31. Qc6) 30... Kh6 31. Qc8 {Intending Qf8+ and mate.} fxe6 (31... Ra8 $19 32. Qc6 fxe6 33. dxe6 Qd8) 32. Qf8+ $17 Rg7 33. Qf6 {[%cal Rf6h4]} Rb7 {Threatens to win with ...exd5.} 34. Qf8+ Rg7 $2 (34... Kg5 $1 $19 35. h4+ Kh5 36. dxe6 Qc7) 35. Qf6 $11 {[%cal Rf6h4]} Rb7 $2 (35... Ra7 $11 36. dxe6 Qc7) 36. Qf8+ $1 $17 {[#]} Kg5 $1 {aiming for ...exd5.} 37. h4+ {[#]} Kxh4 $2 (37... Kh5 $1 $17 {Strongly threatening ...exd5.} 38. dxe6 Qc7) 38. Qh6+ $2 {[%mdl 8192]} (38. dxe6 $11 d5 39. Qf6+ Kg4 40. exd5) 38... Kg4 $19 39. Qh3+ (39. Rf1 {might work better.} exd5 40. Kh2 dxe4 41. f4 exf3 42. Qh3+ Kg5 43. Qxf3 Qxa4 44. Qf6+ Kh6 45. Rf3) 39... Kg5 40. Qg3+ Kf6 41. Qh4+ Kg7 42. dxe6 Qc7 43. a5 Qe7 44. Qg4 (44. Qxe7+ $142 Rxe7 45. Kf1) 44... Rb2 45. a6 Rxf2 46. Kh1 Rf4 {Precision: White = 26%, Black = 57%.} 0-1

[Event "ESP-ch Rapid 2018"]
[Site "Linares"]
[Date "2018.08.19"]
[Round "4"]
[White "Cuesta Bustos, Raul"]
[Black "Martin Rueda, Daniel"]
[Result "0-1"]
[WhiteElo "2126"]
[BlackElo "2267"]
[Annotator "TA"]
[PlyCount "86"]
[EventDate "2018.08.19"]
[EventType "team-tourn"]
[EventCountry "ESP"]
[SourceTitle "playchess.com"]
[Source "ChessBase"]
[SourceQuality "1"]

{[%evp 9,86,44,54,50,64,48,54,54,64,37,47,50,70,49,55,44,150,141,155,118,147,39,49,43,31,-57,-52,-272,-298,-299,-291,-314,-305,-366,-362,-336,-331,-331,-331,-331,-331,-330,-329,-319,-319,-317,-308,-352,-351,-358,-350,-341,-332,-386,-357,-492,-458,-450,-449,-533,-521,-532,-529,-474,-538,-1726,-1638,-2237,-2104,-1487,-822,-2609,-2546,-29965,-29967,-6207,-5975,-5289,-3022]} 1. e4 c5 2. d4 cxd4 3. c3 d3 4. Bxd3 d6 5. c4 Nd7 (5... Nf6 6. Nc3 g6 7. h3 Bg7 8. Nf3 O-O 9. O-O Nc6 10. Be3 b6 11. Rc1 Bb7 12. b3 Nd7 13. Bb1 a6 14. Nd5 {0-1 (47) Sameir,R (2048)-Salem,A (2642) Sharjah 2018}) 6. Nc3 {B21: Sicilian: 2 f4 and Morra Gambit} e6 7. Nf3 a6 8. O-O {White is slightly better.} Be7 $146 ({Predecessor:} 8... Ngf6 9. Qe2 Be7 10. Rd1 Qc7 11. Bg5 O-O 12. Rac1 b6 {0-1 (51) Veremiy,B (2206)-Kushch,N (2420) Evpatoria 2007}) 9. Bf4 Qc7 10. Qe2 Ne5 11. Rac1 Nf6 12. c5 {[#] cxd6 is the strong threat.} Qb8 (12... Nxf3+ $14 13. Qxf3 e5) 13. Na4 $16 {Black must now prevent cxd6.} Nfd7 14. Rfd1 O-O 15. Bc4 ({White should play} 15. Nxe5 $16 dxe5 16. Be3) 15... Nxc4 $14 16. Rxc4 {[%cal Rc5d6]} e5 17. Bg3 ({White should try} 17. cxd6 $14 Bxd6 18. Be3) 17... dxc5 $15 {[#] Threatens to win with ...b5.} 18. Rxd7 $2 (18. Rc2 $15) 18... Bxd7 $19 19. Nb6 Bb5 20. Bxe5 Bd6 (20... Bxc4 21. Qxc4 Qd8 22. Nxa8 $19) 21. Bxd6 Qxd6 22. Nxa8 Bxc4 (22... Rxa8 23. g3) 23. Qxc4 Qd1+ ({Much less strong is} 23... Rxa8 24. h3) 24. Qf1 Qxf1+ 25. Kxf1 {Hoping for Nb6.} Rxa8 {[%mdl 4096] Endgame KR-KN} 26. Ke2 Rd8 27. Nd2 f6 28. f3 Kf7 29. Nc4 Ke6 30. Ne3 g6 {[%cal Bg7g6,Bg6f5][%mdl 32]} 31. Nc4 Rd4 32. b3 f5 33. exf5+ gxf5 34. Ne3 h5 35. Nc2 Rd6 36. Ne3 b5 {[%cal Bb7b5,Bb5c4,Bc4c3,Bc3c2][%mdl 32]} 37. Nf1 c4 38. bxc4 bxc4 39. Nd2 Rd4 40. Ke3 Kd5 41. g3 c3 42. Nb3 c2 43. h3 Rd1 {Precision: White = 34%, Black = 70%.} 0-1

[Event "ESP-ch Rapid 2018"]
[Site "Linares"]
[Date "2018.08.19"]
[Round "4"]
[White "Cabrera Ruiz, Luis"]
[Black "Vega Gutierrez, Sabrina"]
[Result "1/2-1/2"]
[WhiteElo "2122"]
[BlackElo "2390"]
[Annotator "TA"]
[PlyCount "101"]
[EventDate "2018.08.19"]
[EventType "team-tourn"]
[EventCountry "ESP"]
[SourceTitle "playchess.com"]
[Source "ChessBase"]
[SourceQuality "1"]

{[%evp 10,101,13,10,16,17,18,11,31,20,20,17,16,3,3,0,0,0,0,0,58,56,50,28,39,35,39,33,72,0,0,0,0,0,17,17,17,17,17,17,17,17,49,42,58,14,32,14,14,14,16,0,0,0,0,0,0,0,0,0,0,0,0,0,0,0,0,0,0,0,0,0,7,0,8,8,15,0,0,0,0,0,0,0,0,0,0,0,0,0,0,0,0,0]} 1. e4 c5 2. c4 Nc6 3. Ne2 Nf6 4. Nbc3 e5 (4... e6 5. g3 d5 6. cxd5 exd5 7. exd5 Nxd5 8. Bg2 Nc7 9. O-O Be7 10. d4 cxd4 11. Bxc6+ bxc6 12. Nxd4 Qd7 {0-1 (39) Omidi,A (2415)-Idani,P (2578) Teheran 2017}) 5. g3 d6 6. Bg2 {LiveBook: 6 Games. A34: Symmetrical English: 2 Nc3, lines with ...d5} Be6 7. d3 Be7 8. O-O Qd7 9. f4 {[#] Black must now prevent f5.} Bg4 10. f5 $146 ({Predecessor:} 10. Bf3) 10... a6 11. Be3 Nd4 12. h3 Bxe2 13. Nxe2 b5 14. b3 (14. Nc3 {is more complex.} O-O 15. Rf2 b4 16. Na4 Rab8 17. b3) 14... h5 (14... O-O $11) 15. Nxd4 $14 cxd4 16. Bd2 h4 17. g4 Nh7 18. Qc1 bxc4 19. Qxc4 ({White should play} 19. bxc4 $16 O-O 20. Qc2) 19... O-O $11 20. Rac1 Rfc8 21. Qd5 Nf6 22. Qa5 Qb5 23. Qxb5 axb5 24. Rxc8+ Rxc8 25. Rc1 Rxc1+ 26. Bxc1 {[%mdl 4096] Endgame KBB-KBN} Nd7 27. Bd2 Nc5 28. Bf1 g5 {The position is equal.} 29. Kf2 Kf8 30. Ke2 Ke8 31. Kd1 Kd7 32. Kc2 Kc6 33. Be2 Bd8 34. Bf3 f6 35. Be2 Be7 36. Bf3 Bd8 37. Be2 Na6 38. b4 Nc7 39. Kb2 d5 40. Bf3 dxe4 41. Bxe4+ Kb6 42. Kb3 Ne8 43. a4 bxa4+ 44. Kxa4 Nd6 45. Bd5 Be7 46. Kb3 Nb5 47. Bc4 Nd6 48. Bd5 Nb5 49. Bc4 Nd6 50. Bd5 Nb5 51. Be6 {Precision: White = 68%, Black = 66%.} 1/2-1/2

[Event "ESP-ch Rapid 2018"]
[Site "Linares"]
[Date "2018.08.19"]
[Round "4"]
[White "Fernandez Diaz, Ignacio"]
[Black "Jimenez Martinez, Jose Vicente"]
[Result "0-1"]
[WhiteElo "2071"]
[BlackElo "2243"]
[Annotator "TA"]
[PlyCount "34"]
[EventDate "2018.08.19"]
[EventType "team-tourn"]
[EventCountry "ESP"]
[SourceTitle "playchess.com"]
[Source "ChessBase"]
[SourceQuality "1"]

{[%evp 12,34,0,-19,-19,-17,-18,-86,-20,-72,57,0,9,7,11,8,5,0,17,-29,-35,-75,-90,-147,-154]} 1. e3 g6 2. f4 d6 3. d4 Bg7 4. Nf3 Nf6 5. Bd3 O-O 6. O-O c5 7. c3 {LiveBook: 17 Games} cxd4 {A45: Trompowsky Attack} 8. exd4 Nc6 9. f5 $146 (9. Na3 $11) ({Predecessor:} 9. Qe1 e6 10. Na3 Rb8 11. Nc2 b5 {1-0 (36) Gleizerov,E (2590)-Rombaldoni,A (2459) Alghero 2011}) 9... e5 (9... gxf5 $17 10. Qc2 e6) 10. fxg6 (10. fxe6 $11 {keeps the balance.} Bxe6 11. Nbd2) 10... e4 (10... hxg6 $17 {Threatens to win with ...e4.} 11. Bg5 Qb6) 11. gxf7+ Kh8 12. Ng5 $1 {[%cal Rg5e4]} exd3 13. Qxd3 {White wants to mate with Rxf6!} h6 $132 {[%cal Bh7h6,Bh6g5,Bg5g4][%mdl 2080] [#] Black puts up resistance} 14. Rxf6 $1 {[%csl Gg5][%cal Rd3h7][%mdl 512]} hxg5 (14... Qxf6 15. Qh7#) 15. Rf3 {Threatening mate with Rh3+!} g4 16. Qg6 {Intending Qh5+ and mate.} Qh4 17. Bg5 ({Better is} 17. Rf2) 17... Qh7 {Precision: White = 21%, Black = 43%.} 0-1

[Event "ESP-ch Rapid 2018"]
[Site "Linares"]
[Date "2018.08.19"]
[Round "4"]
[White "Lopez Gonzalez, Alfonso"]
[Black "Merario Alarcon, Andres"]
[Result "1/2-1/2"]
[WhiteElo "2063"]
[BlackElo "2406"]
[Annotator "TA"]
[PlyCount "62"]
[EventDate "2018.08.19"]
[EventType "team-tourn"]
[EventCountry "ESP"]
[SourceTitle "playchess.com"]
[Source "ChessBase"]
[SourceQuality "1"]

{[%evp 33,62,39,42,0,0,0,0,0,0,0,0,0,0,0,0,0,0,0,73,68,68,-15,0,0,0,0,0,-1,0,0,0]} 1. d4 Nf6 2. c4 g6 3. Nc3 Bg7 4. e4 O-O 5. h3 d6 6. Bd3 c5 7. d5 e6 8. Nf3 exd5 9. cxd5 b5 10. Bxb5 Nxe4 11. Nxe4 Qa5+ 12. Nfd2 Qxb5 13. Nxd6 Qa6 14. N2c4 Nd7 15. O-O Nb6 16. Nxb6 Qxb6 17. Nxc8 Raxc8 {LiveBook: 117 Games} 18. Qc2 {A70: Modern Benoni: 6 e4 g6 7 Nf3} (18. Rb1 Rfd8 19. Bf4 Qb7 20. d6 Bf8 21. Qd3 Bxd6 22. Bxd6 Rc6 23. Rfd1 Qd7 24. Qa3 Rxd6 25. Rxd6 Qxd6 26. Qxa7 {½-½ (40) Ponomariov,R (2709)-Nakamura,H (2789) Baku 2016}) 18... c4 19. Rb1 Rfd8 $1 20. Be3 Qb7 $146 ({Predecessor:} 20... Qa5 21. b4 Qxd5 22. Rfd1 Qf5 23. Qxf5 gxf5 24. Kf1 Re8 25. Rbc1 c3 {½-½ (48) Berreth,M (2095)-Handke,F (2310) Schwaebisch Gmuend 1999}) 21. Rfd1 Rxd5 22. Rxd5 Qxd5 23. Rd1 Qa5 24. a3 a6 25. Bd2 c3 {[#]} (25... Qh5 $11) 26. Bxc3 $1 $16 Bxc3 27. Rc1 ({Much weaker is} 27. bxc3 $6 Qxa3 28. c4 a5 $11) (27. Rd3 $14) 27... Rc7 {aiming for ...Be5.The position is equal.} 28. bxc3 Qxa3 29. c4 Qc5 30. Ra1 a5 31. Qa4 Qxc4 {Precision: White = 48%, Black = 66%.} 1/2-1/2

[Event "ESP-ch Rapid 2018"]
[Site "Linares"]
[Date "2018.08.19"]
[Round "4"]
[White "Crespo Ruiz, Manuel Maria"]
[Black "Silva Rodriguez, Fernando"]
[Result "1/2-1/2"]
[WhiteElo "2026"]
[BlackElo "2239"]
[Annotator "TA"]
[PlyCount "116"]
[EventDate "2018.08.19"]
[EventType "team-tourn"]
[EventCountry "ESP"]
[SourceTitle "playchess.com"]
[Source "ChessBase"]
[SourceQuality "1"]

{[%evp 11,116,-29,-13,-18,-3,-39,-23,-40,-25,-18,0,-104,-40,-108,-45,-31,-49,-163,-116,-137,-72,-147,-96,-155,-93,-110,-108,-110,-104,-106,-15,-64,0,0,0,8,55,54,47,30,50,22,56,43,127,108,122,9,55,43,30,44,75,77,93,52,54,0,13,11,38,-18,-18,-20,-23,-39,0,0,0,0,13,0,56,0,21,0,0,0,0,0,0,-2,0,0,0,0,0,0,0,0,29983,29984,29982,0,0,0,0,0,0,0,0,0,0,0,0,0,0]} 1. d4 d5 2. Nf3 Nf6 3. Bg5 c5 4. e3 Nc6 5. c3 Qb6 (5... Ne4 6. Bh4 Qb6 7. Qc1 Bf5 8. Nbd2 e6 9. Be2 Rc8 10. O-O h6 11. Nxe4 Bxe4 12. Nd2 Bg6 13. dxc5 Bxc5 14. b4 Bd6 15. Qb2 O-O {½-½ (66) Sjugirov,S (2665)-Ehlvest,J (2524) Almaty 2016}) 6. Qc1 {D02: Damenbauernspiele} Bf5 {LiveBook: 5 Partien} 7. Be2 e6 8. O-O Be7 9. Ne5 $146 ({Vorgänger:} 9. Nh4 Bg4 10. f3 Bh5 11. dxc5 Bxc5 12. b4 Be7 {0-1 (32) Weggen,R-Nagel,R DESC email 2004}) 9... Nxe5 10. dxe5 Nd7 11. Bf4 (11. Bxe7 $11 Kxe7 12. c4) 11... Qc7 (11... h5 $17 12. h3 c4) 12. Nd2 {[#]} (12. c4 $15) 12... Nxe5 (12... g5 $1 $17 {[%cal Rg5f4]} 13. Bg3 h5) 13. Bb5+ ({Ein No Go ist} 13. g4 Bg6 $17) 13... Kf8 14. Qd1 (14. e4 $15 Bg6 15. exd5 exd5 16. Qd1) 14... Bd6 15. Bg3 Nc6 (15... h5 $142 16. h3 g5) 16. Qe2 (16. Bxd6+ $142 Qxd6 17. Qa4) 16... Bxg3 $17 17. fxg3 (17. hxg3 $142 a6 18. Bxc6 Qxc6 19. g4) 17... a6 (17... Ne5 $142 {Droht ...a6 und aus.} 18. e4 dxe4 19. Nxe4 c4) 18. Ba4 Rd8 19. e4 dxe4 20. Nxe4 {[#]} Qe5 (20... Ne5 $1 $17 21. Rad1 Rxd1 22. Bxd1 Ke7) 21. Bc2 Bxe4 (21... h5 $15) 22. Bxe4 $11 Ke7 {Droht stark ...f5.} 23. Qf3 $36 {[%mdl 2048] Weiss steht aktiver.} Rhf8 24. Bxc6 (24. Bxh7 $2 g6 $17) 24... bxc6 25. Qxc6 Qd6 26. Qe4 {Schwarz sollte Dg4 verhindern.} Qd3 27. Qg4 Qg6 (27... Qe3+ $14 28. Kh1 h6) 28. Qc4 $16 Rd5 29. Rf2 ({Günstiger ist} 29. Rae1 $16 {Dxd5 ist eine echte Drohung.} Rfd8 30. Qxa6) 29... Rfd8 (29... Qd3 $5 {[%cal Rd3c4]} 30. Qa4 Rfd8 $11) 30. Raf1 f6 31. Qxa6 Qg4 32. Rf4 Qg5 33. Qc4 Rd2 34. b4 (34. Re1 $14 Qd5 35. Qxd5 R8xd5 36. Rf2) 34... Qd5 35. Qxd5 R8xd5 $11 {[%mdl 4096] Endspiel KTT-KTT} 36. c4 ({Lieber} 36. R4f2 $14) 36... R5d3 37. bxc5 Rxa2 38. R4f2 Rxf2 (38... Ra5 {is interesting.} 39. c6 Rc5 40. Rb1 Rxc6 41. Rc2 Rc5) 39. Kxf2 $15 {KT-KT} Rc3 40. Ra1 f5 41. Ra4 Kf6 (41... e5 $11) 42. Rb4 (42. Ke2 $14) 42... Ke5 43. Rb7 g5 44. Rxh7 Rxc4 45. Rc7 Kd5 46. Kf3 Rc3+ 47. Kf2 Rc2+ 48. Kf1 e5 49. h4 gxh4 50. gxh4 Rxc5 $2 {[%mdl 8192]} (50... Rc1+ $11 51. Kf2 f4) 51. Rxc5+ Kxc5 $11 {KBB-KBB} 52. Kf2 $2 (52. h5 {setzt Matt} Kd4 53. h6 Kd5 54. h7 f4 55. h8=Q Ke6 56. Qh6+ Kf5 57. Kf2) 52... Kd6 {Die Stellung ist ausgeglichen.} 53. Kf3 Ke6 54. g4 fxg4+ 55. Kxg4 Kf6 56. Kf3 Kg6 57. Ke4 Kh5 58. Kxe5 Kxh4 {Precision: Weiß = 35%, Schwarz = 39%.} 1/2-1/2